000 00963nam a22001937a 4500
003 JO-AjAnu
005 20240918113447.0
008 240918b jo ||||| |||| 00| 0 ara d
040 _aJO-AjAnu
_cJO-AjAnu
041 _aara
100 1 _aاليونس، بيان غازي
_966222
_dمعد
245 1 _aاثر تكاليف الجودة في كفاءة الأداء المؤسسي = The impact of Quality Costs in the Efficiency of Institutional performance /
_cاعداد بيان غازي اليونس ؛ إشراف تيسير علي المومني
260 _c2024
300 _a81 ورقة
500 _aرسالة جامعية (ماجستير) .- جامعة عجلون الوطنية (عجلون، الأردن)، كلية الأعمال ، قسم تخصص المحاسبة ، 2024
650 7 0 _aتكاليف الجودة - الاداء المؤسسي
_966221
700 1 _aالمومني، تيسير علي
_965112
_eمشرف
942 _2lcc
_cTHS
_n0
999 _c33691
_d33691